Informácie kľúčom rozhodnutia potreba zmeny výpovednej hodnoty štátneho rozpočtu

Problémy konštrukcie a obsahu štátneho rozpočtu SR. Vzťah a vplyv výdavkov vlády na hrubý domáci produkt. Hlavné úlohy vlády. Odporúčané členenie výdavkov vlády. Rátanie vplyvu výdavkov vlády na ekonomickú výkonnosť a na nákup tovarov a služieb. Príklad dôsledkov rôznych výdavkov vlády pre HDP a iné...

Descripción completa

Guardado en:
Detalles Bibliográficos
Autor principal: Husár, Jaroslav
Formato: Capítulo de libro
Lenguaje:eslovaco
Materias:
Etiquetas: Agregar Etiqueta
Sin Etiquetas, Sea el primero en etiquetar este registro!

MARC

LEADER 00000naa a2200000 4500
001 r034876
005 20251031120328.6
041 0 |a slo 
044 |a SK 
245 1 0 |a Informácie kľúčom rozhodnutia  |b potreba zmeny výpovednej hodnoty štátneho rozpočtu  |c Jaroslav Husár 
520 |a Problémy konštrukcie a obsahu štátneho rozpočtu SR. Vzťah a vplyv výdavkov vlády na hrubý domáci produkt. Hlavné úlohy vlády. Odporúčané členenie výdavkov vlády. Rátanie vplyvu výdavkov vlády na ekonomickú výkonnosť a na nákup tovarov a služieb. Príklad dôsledkov rôznych výdavkov vlády pre HDP a iné finančné toky. 
610 2 0 |a rozpočet štátny 
610 2 0 |a politika rozpočtová 
610 2 0 |a vlády 
610 2 0 |a výdavky 
610 2 0 |a produkt domáci hrubý 
610 2 0 |a nákup 
610 2 0 |a miera úroková 
610 2 0 |a deficit rozpočtový 
610 2 0 |a bilancia obchodná 
610 2 0 |a Slovensko 
100 1 |a Husár, Jaroslav